Piłkarze Reprezentacji Egiptu - nagła śmierć (2 życia) - Statystyki

Ogólne statystyki
  • Ten quiz został rozwiązany 26 razy
  • Średni wynik to 9 z 14
Answers on the Grid
Answers color-coded by a green-red scale on the quiz's grid according to % correct below.
Omar Marmoush
Zizo
David Trezeguet
Gabaski
Sofiane Boufal
Mostafa Mohamed
Ramy Bensebaini
Kouka
Mohamed Aboutreika
Omar Kharbin
Mido
Hossam Hassan
Ahmed El-Mohamadi
Aïssa Mandi
Kahraba
Ahmed Hegazi
Nabil Fekir
Mohamed Elneny
Mohamed Salah
Salem Al-Dawsari
Mohamed Abdelmonem
Abdelrahman Kuku
 
Statystyki odpowiedzi
Odpowiedź % Poprawnych
Mohamed Salah
100%
Omar Marmoush
96%
Mohamed Elneny
88%
Ahmed Hegazi
79%
Hossam Hassan
79%
Mostafa Mohamed
79%
Ahmed El-Mohamadi
71%
Mohamed Abdelmonem
58%
Mohamed Aboutreika
54%
Zizo
50%
Kouka
38%
Mido
33%
Kahraba
29%
Gabaski
21%
Nie znaleziono quizów pasujących do podanych kryteriów
Rozkład punktacji
Procent ludzi z każdym wynikiem
Percentyl według liczby udzielonych odpowiedzi
Twoja historia wyników
Nie rozwiązałeś tego quizu